Trivia questions-History - Statistics

General Stats
  • This quiz has been taken 45 times
  • The average score is 4 of 10
Answer Stats
Clue Answer % Correct
Greenland was a colony of which country until 1981? Denmark
86%
What woman discovered radium and polonium? Marie Curie
76%
Who founded the Mongol Empire? Genghis Khan
71%
Who was the first Emperor of Rome? Augustus
69%
How many years did the 100 years war last? 116
52%
Who wrote “The Republic”? Plato
36%
Who was the first emperor of the Holy Roman Empire? Charlemagne
31%
Who was the first female Pharaoh Of Egypt? Hatshepsut
17%
Who Was The First Emperor Of The Maurya Empire? Chandragupta Maurya
5%
Who led the USSR from 1917-1922? Vladimir Lenine
2%
No matching quizzes found
Score Distribution
Percent of People with Each Score
Percentile by Number Answered
Your Score History
You have not taken this quiz